000 00506nam a2200133Ia 4500
008 220620s9999||||xx |||||||||||||| ||und||
022 _a16648714
100 _aJames Edward Richardson||R. Toby Pennington
245 0 _aOrigin of Tropical Diversity: From Clades to Communities
546 _aEnglish[eng]
650 _aclades||evolution||Biodiversity||Tropics||communities
856 _uhttp://journal.frontiersin.org/researchtopic/1485/origin-of-tropical-diversity-from-clades-to-communities
942 _cEB
999 _c32990
_d32990